Comuni del Piemonte - Quiz n°3 - Statistics

Statistiche generali
  • Questo quiz è stato fatto 16 volte
  • Il punteggio medio è 35 su 317
Statistiche sulle risposte
Provincia Comune % Corretto
Verbania
80%
Bee
70%
Domodossola
70%
Arona
60%
Novara
60%
Stresa
60%
Belgirate
50%
Gravellona Toce
50%
Omegna
50%
Arola
40%
Aurano
40%
Baveno
40%
Biella
40%
Bognanco
40%
Borgomanero
40%
Cannobbio
40%
Cesara
40%
Masera
40%
Re
40%
Santhià
40%
Trontano
40%
Vercelli
40%
Verbano-Cusio-Ossola Antrona Schieranco
30%
Anzola d'Ossola
30%
Arizzano
30%
Baceno
30%
Bannio Anzino
30%
Beura-Cardezza
30%
Borgomezzavalle
30%
Borgosesia
30%
Brovello-Carpunino
30%
Calasca-Castiglione
30%
Cambiasca
30%
Cannero Riviera
30%
Caprezzo
30%
Casale Corte Cerro
30%
Ceppo Morelli
30%
Cossogno
30%
Craveggia
30%
Crevoladossola
30%
Crodo
30%
Druogno
30%
Formazza
30%
Germagno
30%
Ghiffa
30%
Gignese
30%
Gurro
30%
Intragna
30%
Loreglia
30%
Madonna del Sasso
30%
Malesco
30%
Massiola
30%
Mergozzo
30%
Miazzina
30%
Montecrestese
30%
Montescheno
30%
Nonio
30%
Oggebbio
30%
Ornavasso
30%
Piedimulera
30%
Verbano-Cusio-Ossola Pieve Vergonte
30%
Premeno
30%
Premia
30%
Premosello-Chiovenda
30%
San Bernardino Verbano
30%
Santa Maria Maggiore
30%
Toceno
30%
Trarego Viggiona
30%
Trasquera
30%
Valle Cannobina
30%
Valstrona
30%
Vanzone con San Carlo
30%
Varallo
30%
Varzo
30%
Vignone
30%
Villadossola
30%
Villette
30%
Vogogna
30%
Cameri
20%
Cerano
20%
Galliate
20%
Gattinara
20%
Macugnana
20%
Momo
20%
Mongrando
20%
Oleggio
20%
Orta San Giulio
20%
Pallanzeno
20%
Quarna Sopra
20%
Quarna Sotto
20%
Trecate
20%
Vercelli Alagna Valsesia
10%
Alice Castello
10%
Barengo
10%
Bellinzago Novarese
10%
Benna
10%
Biandrate
10%
Boca
10%
Boccioleto
10%
Borgolavezzaro
10%
Borgo Ticino
10%
Borgo Vercelli
10%
Campertogno
10%
Candelo
10%
Caresana
10%
Casalvolone
10%
Cavaglià
10%
Cerrione
10%
Cigliano
10%
Cossato
10%
Novara Divignano
10%
Fara Novarese
10%
Fontaneto d'Agogna
10%
Gaglianico
10%
Ghemme
10%
Gozzano
10%
Lamporo
10%
Landiona
10%
Lesa
10%
Livorno Ferraris
10%
Marano Ticino
10%
Massino Visconti
10%
Mollia
10%
Pella
10%
Pettenasco
10%
Pila
10%
Piode
10%
Pombia
10%
Pralungo
10%
Recetto
10%
Salussola
10%
Sandigliano
10%
San Germano Vercellese
10%
San Pietro Mosezzo
10%
Scopa
10%
Scopello
10%
Sozzago
10%
Tornaco
10%
Tronzano Vercellese
10%
Vaprio d'Agogna
10%
Varallo Pombia
10%
Verrone
10%
Vicolungo
10%
Villata
10%
Novara Agrate Conturbia
0%
Biella Ailoche
0%
Albano Vercellese
0%
Alto Sermenza
0%
Ameno
0%
Andorno Micca
0%
Arborio
0%
Armeno
0%
Asigliano Vercellese
0%
Balmuccia
0%
Balocco
0%
Bianzé
0%
Bioglio
0%
Bogogno
0%
Bolzano Novarese
0%
Borgo d'Ale
0%
Borriana
0%
Briga Novarese
0%
Briona
0%
Brusnengo
0%
Buronzo
0%
Callabiana
0%
Caltignaga
0%
Camandona
0%
Camburzano
0%
Camignago
0%
Campiglia Cervo
0%
Caprile
0%
Caresanablot
0%
Carisio
0%
Carpignano Sesia
0%
Casalbeltrame
0%
Casalino
0%
Casanova Elvo
0%
Casapinta
0%
Caseleggio Novara
0%
Castellazzo Novarese
0%
Castelletto Cervo
0%
Castelletto sopra Ticino
0%
Cavaglietto
0%
Cavaglio d'Agogna
0%
Cavallirio
0%
Cellio con Breia
0%
Cervatto
0%
Civiasco
0%
Coggiola
0%
Colazza
0%
Collobiano
0%
Costanzana
0%
Cravagliana
0%
Crcoforo
0%
Crescentino
0%
Cressa
0%
Crevacuore
0%
Crova
0%
Cureggio
0%
Curino
0%
Desana
0%
Donato
0%
Dormelletto
0%
Dorzano
0%
Fobello
0%
Fontanetto Po
0%
Formigliana
0%
Garbagna Novarese
0%
Gargallo
0%
Gattico-Veruno
0%
Ghisòarengo
0%
Gifflenga
0%
Graglia
0%
Granozzo con Monticello
0%
Greggio
0%
Grignasco
0%
Guardabosone
0%
Invorio
0%
Lenta
0%
Lessona
0%
Lignana
0%
Lozzolo
0%
Maggiora
0%
Magnano
0%
Mandello Vitta
0%
Massazza
0%
Masserano
0%
Meina
0%
Mezzana Mortigliengo
0%
Mezzomerico
0%
Miagliano
0%
Miasino
0%
Moncrivello
0%
Motta de' Conti
0%
Mottalciata
0%
Muzzano
0%
Nebbiuno
0%
Netro
0%
Nibbiola
0%
Occhieppo Inferiore
0%
Occhieppo Superiore
0%
Olcenengo
0%
Oldenico
0%
Oleggio Castello
0%
Palazzolo Vercellese
0%
Paruzzaro
0%
Pertengo
0%
Pettinengo
0%
Pezzana
0%
Piatto
0%
Piedicavallo
0%
Pisano
0%
Pogno
0%
Pollone
0%
Ponderano
0%
Portula
0%
Postua
0%
Prarolo
0%
Prato Sesia
0%
Pray
0%
Quaregna Cerreto
0%
Quarola
0%
Quinto Vercellese
0%
Rassa
0%
Rimella
0%
Rive
0%
Roasio
0%
Romagnano Sesia
0%
Romentino
0%
Ronco Biellese
0%
Ronsecco
0%
Roppolo
0%
Rosazza
0%
Rossa
0%
Rovasenda
0%
Sagliano Micca
0%
Sala Biellese
0%
Salasco
0%
Sali Vercellese
0%
Saluggia
0%
San Giacomo Vercellese
0%
San Maurizio d'Opaglio
0%
San Nazzaro Sesia
0%
Serravalle Sesia
0%
Sillavengo
0%
Sizzano
0%
Sordevolo
0%
Soriso
0%
Sostegno
0%
Strona
0%
Stroppiana
0%
Suno
0%
Tavigliano
0%
Terdobbiate
0%
Ternengo
0%
Tollegno
0%
Torrazzo
0%
Tricerro
0%
Trino
0%
Valdengo
0%
Valdilana
0%
Valduggia
0%
Vallanzengo
0%
Valle San Nicolao
0%
Veglio
0%
Vespolate
0%
Vigliano Biellese
0%
Villa del Bosco
0%
Villanova Biellese
0%
Villarboit
0%
Vinzaglio
0%
Viverone
0%
Voca
0%
Zimone
0%
Zubiena
0%
Zumaglia
0%
Nessun quiz corrispondente trovato
Distribuzione punteggi
Percentuale di utenti per punteggio
Percentile per numero di risposta
I tuoi punteggi nel tempo
Non hai fatto questo quiz